[Event "Paris Apsap op 73rd"]
[Site "Paris"]
[Date "2004.08.08"]
[Round "9"]
[White "Brigelhuber, Eric"]
[Black "Leuly, Max"]
[Result "0-1"]
[WhiteElo "2011"]
[BlackElo "2138"]
[PlyCount "102"]
[EventDate "2004.08.??"]
[EventType "swiss"]
[EventRounds "9"]
[EventCountry "FRA"]
[SourceTitle "EXT 2006"]
[Source "ChessBase"]
[SourceDate "2005.11.24"]
[SourceVersion "1"]
[SourceVersionDate "2005.11.24"]
[SourceQuality "1"]

1. d4 c5 2. d5 e5 3. c4 d6 4. Nc3 Nf6 5. e4 Be7 6. Bd3 0-0 7. Nge2 Nbd7 8. 0-0 a6 9. a3 Ne8 10. b4 Rb8 11. Be3 Bg5 12. f4 exf4 13. Nxf4 b6 14. Qd2 Ne5 15. Be2 Bg4 16. Ra2 Nf6 17. h3 Bxe2 18. Qxe2 Nfd7 19. b5 a5 20. Nb1 Qe7 21. Nd2 Rbc8 22. Nh5 g6 23. Ng3 h6 24. Kh2 Nf6 25. Bxg5 hxg5 26. Raa1 Kg7 27. Rf5 Nfd7 28. Raf1 Rh8 29. Kg1 Kg8 30. R5f2 g4 31. Rf4 gxh3 32. gxh3 Rxh3 33. Qg2 Rh7 34. Nf5 Qf8 35. Rh4 Rxh4 36. Nxh4 Qg7 37. Qg5 f6 38. Qg3 Kf7 39. Rf2 Qh6 40. Rh2 Rh8 41. Nf1 Qg5 42. Qxg5 fxg5 43. Rf2+ Ke7 44. Nf3 Nxc4 45. a4 g4 46. N3h2 Nde5 47. Rc2 Rh3 48. Nxg4 Nxg4 49. Rxc4 Ne5 50. Rc2 Ra3 51. Rh2 Nf3+ 0-1

[Event "Paris Apsap op 73rd"]
[Site "Paris"]
[Date "2004.08.04"]
[Round "5"]
[White "Brigelhuber, Eric"]
[Black "Lenormand, Marc"]
[Result "1-0"]
[WhiteElo "2011"]
[BlackElo "2028"]
[PlyCount "68"]
[EventDate "2004.08.??"]
[EventType "swiss"]
[EventRounds "9"]
[EventCountry "FRA"]
[SourceTitle "EXT 2006"]
[Source "ChessBase"]
[SourceDate "2005.11.24"]
[SourceVersion "1"]
[SourceVersionDate "2005.11.24"]
[SourceQuality "1"]

1. d4 c6 2. c4 d5 3. Nc3 Nf6 4. Nf3 e6 5. e3 Nbd7 6. Qc2 Be7 7. g4 0-0 8. Rg1 b6 9. g5 Ne8 10. cxd5 cxd5 11. Bd3 g6 12. h4 Ng7 13. Bd2 Bb7 14. Ke2 a6 15. a4 Bd6 16. Qb3 Re8 17. Rad1 e5 18. dxe5 Nc5 19. Qc2 Bxe5 20. Nxe5 Rxe5 21. Kf1 Qe8 22. Be2 Rc8 23. Rg4 Nf5 24. Bc1 Ne4 25. Nxe4 Rxe4 26. Rxe4 dxe4 27. Qb3 Nxh4 28. Qxb6 Rb8 29. Qa5 Nf3 30. b3 Qe7 31. Bxf3 exf3 32. Bb2 Rf8 33. Qc3 f6 34. gxf6 Qf7 1-0

[Event "Paris Apsap op 73rd"]
[Site "Paris"]
[Date "2004.07.31"]
[Round "1"]
[White "Brigelhuber, Eric"]
[Black "Gelis, Dorian"]
[Result "0-1"]
[WhiteElo "2011"]
[BlackElo "2179"]
[PlyCount "76"]
[EventDate "2004.08.??"]
[EventType "swiss"]
[EventRounds "9"]
[EventCountry "FRA"]
[SourceTitle "EXT 2006"]
[Source "ChessBase"]
[SourceDate "2005.11.24"]
[SourceVersion "1"]
[SourceVersionDate "2005.11.24"]
[SourceQuality "1"]

1. d4 d6 2. Nf3 Nf6 3. c4 g6 4. Nc3 Bg7 5. g3 0-0 6. Bg2 Nc6 7. 0-0 Na5 8. Qd3 c5 9. e3 a6 10. Rd1 Qc7 11. b3 Bd7 12. Bb2 Rfd8 13. Rd2 Rab8 14. Rc1 b5 15. cxb5 axb5 16. dxc5 dxc5 17. Qc2 Bf5 18. Rxd8+ Qxd8 19. Qd2 Qc7 20. Qe2 c4 21. Nd4 Bd3 22. Qd1 b4 23. Ncb5 Qd7 24. bxc4 Bxc4 25. Bf1 Bxf1 26. Qxf1 e5 27. Rc7 Qe8 28. Ra7 exd4 29. Rxa5 dxe3 30. fxe3 Qxe3+ 31. Qf2 Qxf2+ 32. Kxf2 Ng4+ 33. Kf3 Nxh2+ 34. Kg2 Bxb2 35. Kxh2 Bc3 36. a3 Bd2 37. Nd6 b3 38. Nc4 Bxa5 0-1